| 000 | 00454nam a2200181Ia 4500 | ||
|---|---|---|---|
| 003 | OSt | ||
| 005 | 20230511105956.0 | ||
| 008 | 210423s1992 xx 000 0 und d | ||
| 040 | _cAL | ||
| 041 | _aeng | ||
| 082 |
_a362.1 _223 _bSRIM |
||
| 100 |
_aSRINIVASAN (S). _9102561 |
||
| 245 | _aManagement process in health care. | ||
| 260 |
_aNew Delhi _bVHAI _c1992 |
||
| 365 | _cINR | ||
| 906 | _acare. ; health ; Management ; process | ||
| 942 |
_2ddc _cBK |
||
| 999 |
_c171904 _d171904 |
||